ՀՀ Գիտությունների ազգային ակադեմիայի հիմնարար գիտական գրադարան  =   Fundamental Scientific Library of NAS RA

Сицилия и ея торговля с Россиею и с другими странами в 1890 году / (Record no. 321022)

MARC details
000 -LEADER
fixed length control field 00811nam a2200205 a 4500
001 - CONTROL NUMBER
control field 000956190
003 - CONTROL NUMBER IDENTIFIER
control field AM-YeHGA
005 - DATE AND TIME OF LATEST TRANSACTION
control field 20250617145929.0
008 - FIXED-LENGTH DATA ELEMENTS--GENERAL INFORMATION
fixed length control field 130403s1891 ||| r 000 0 rus d
040 ## - CATALOGING SOURCE
Original cataloging agency AM-YeHGA
041 0# - LANGUAGE CODE
Language code of text/sound track or separate title rus
090 ## - LOCALLY ASSIGNED LC-TYPE CALL NUMBER (OCLC); LOCAL CALL NUMBER (RLIN)
-- 322761
100 1# - MAIN ENTRY--PERSONAL NAME
Personal name Троянский, А.
245 10 - TITLE STATEMENT
Title Сицилия и ея торговля с Россиею и с другими странами в 1890 году /
Statement of responsibility, etc. Сост. А. Троянский.
260 ## - PUBLICATION, DISTRIBUTION, ETC.
Place of publication, distribution, etc. Санкт-Петербург
Manufacturer Тип. В. Киршбаума
Date of publication, distribution, etc. 1891.
300 ## - PHYSICAL DESCRIPTION
Extent 60 c.
653 0# - INDEX TERM--UNCONTROLLED
Uncontrolled term Сицилия - Торговые отношения
653 0# - INDEX TERM--UNCONTROLLED
Uncontrolled term Торговля Сицилии с Россией
710 2# - ADDED ENTRY--CORPORATE NAME
Corporate name or jurisdiction name as entry element Департамент внутрених сношений М-ва иностранных дел
Holdings
Withdrawn status Lost status Source of classification or shelving scheme Damaged status Not for loan Collection Home library Current library Date acquired Total checkouts Full call number Barcode Date last seen Price effective from Koha item type Public note
    Universal Decimal Classification     General Fundamental Scientific Library Fundamental Scientific Library 09/01/2017   PII/489103 FL0254446 09/01/2017 09/01/2017 Գրքեր / Books 30 Days Loan


ՀՀ ԳԱԱ հիմնարար գիտական գրադարան
ՀՀ,Երևան 0019
Մարշալ Բաղրամյան 24/6
հեռախոս:(374-10) 52-47-50
Հետադարձ կապ

All site content, except where otherwise noted, is licensed under a
Creative Commons License